[Event "Mechanics' Spring TNM; G/2 d5"]
[Site "San Francisco"]
[Date "2018.04.24"]
[Round "6.19"]
[White "Wonsever, James"]
[Black "Rakonitz, David"]
[Result "1/2-1/2"]
[WhiteElo "1825"]
[BlackElo "1595"]
[Annotator "Donaldson"]
[PlyCount "99"]
[EventDate "2018.??.??"]
[Source "ChessBase"]
[SourceDate "2007.09.04"]

1. d4 Nf6 2. c4 e6 3. Nf3 b6 4. e3 Bb7 5. Nc3 (5. Bd3 c5 6. O-O cxd4 7. exd4
Be7 8. b3 O-O 9. Bb2 d5 10. Qe2 Nc6 11. Nbd2 Rc8 12. Rad1 Re8 13. Qe3 g6 14.
Ne5 dxc4 15. bxc4 Nxe5 16. dxe5 Nd7 17. Be4 Ba6 18. Bd3 Nc5 19. Bc2 Qc7 20.
Rfe1 Red8 21. Qg3 Rd7 22. h4 Rcd8 23. Bc3 Nd3 24. Re3 Nb2 25. Rb1 Nxc4 26. Nxc4
Qxc4 27. Rbe1 Qxh4 28. Qf3 Bb7 29. Qe2 Bc5 30. Rh3 Qg5 31. Be4 Bxe4 32. Qxe4
Rd1 {0-1 James McCormick - John Donaldson, Seattle 1979.}) 5... Be7 6. Bd3 O-O
7. O-O c5 8. b3 (8. d5 $1) 8... cxd4 9. exd4 d5 10. Bb2 Nc6 11. Rc1 dxc4 12.
bxc4 Rc8 13. Ne4 Nb4 14. Nxf6+ Bxf6 15. Be2 Nc6 16. Ba3 Re8 17. d5 exd5 18.
cxd5 Ne5 19. Rxc8 Nxf3+ 20. Bxf3 Qxc8 21. Qa4 a6 22. d6 Rd8 23. Rc1 Qb8 24.
Bxb7 Qxb7 25. Rc7 Qa8 26. Qc4 Be5 27. Qxf7+ Kh8 28. f4 (28. Re7 Bf6 29. Re6 $18
) 28... Bd4+ 29. Kf1 Qe4 $11 30. Qb3 Qxf4+ 31. Qf3 Qxf3+ 32. gxf3 Kg8 33. Ke2
Be5 34. Rc6 Bxh2 35. Rxb6 Rd7 36. Rxa6 Kf7 37. Ke3 Ke6 38. Ke4 g6 39. Ra8 Bxd6
$4 {Diagram [#]} 40. Bxd6 $4 (40. Ra6 $1 Ke7 (40... Rd8 41. Bc5 Rd7 (41... h5
42. f4 h4 43. Rxd6+ Rxd6 44. Bxd6 Kxd6 45. Kf3 $18) 42. a4 Rd8 43. a5 Rd7 44.
Rc6 Rd8 45. a6 $18) 41. Rxd6 Rxd6 42. Ke5) 40... Rxd6 41. a4 Kf6 42. a5 Re6+
43. Kd5 Re5+ 44. Kd4 Rb5 45. a6 Ra5 46. Ke3 Ra4 47. Kf2 Kg7 48. Kg3 h5 49. Ra7+
Kf6 50. Ra8 1/2-1/2

[Event "Mechanics' Shipman TNM; G/2 d/5"]
[Site "San Francisco"]
[Date "2018.08.21"]
[Round "3.15"]
[White "Wonsever, James"]
[Black "Ross, Max"]
[Result "1-0"]
[WhiteElo "1933"]
[BlackElo "1590"]
[PlyCount "81"]
[EventDate "2018.??.??"]
[Source "ChessBase"]
[SourceDate "2007.09.04"]

1. d4 d5 2. g3 Nf6 3. Bg2 g6 4. Nd2 Bg7 5. c3 O-O 6. e4 dxe4 7. Nxe4 e5 8.
Nxf6+ Qxf6 9. Ne2 Bg4 10. Bxb7 c6 11. Qd3 exd4 12. cxd4 Re8 13. Be3 Qf3 14.
O-O-O Qxe2 15. Bxa8 Qxd3 16. Rxd3 Bf3 17. Re1 Na6 18. Bd2 Rxa8 19. Rxf3 Bxd4
20. Bc3 Bc5 21. a3 Rc8 22. b4 Bf8 23. Rd1 Nc7 24. Rd7 Nb5 25. Be5 c5 26. Rfxf7
cxb4+ 27. Kd1 Nc3+ 28. Bxc3 bxc3 29. Rxa7 c2+ 30. Kc1 Bxa3+ 31. Rxa3 Kxf7 32.
Ra7+ Kg8 33. Ra2 Kf7 34. Rxc2 Rxc2+ 35. Kxc2 Kf6 36. Kd3 Kf5 37. Ke3 Kg4 38.
f3+ Kh3 39. f4 Kxh2 40. g4 h5 41. gxh5 1-0

[Event "Mechanics' Spring TNM; G/2 d5"]
[Site "San Francisco"]
[Date "2018.04.10"]
[Round "4.11"]
[White "Wonsever, James"]
[Black "Vickers, Keith"]
[Result "1-0"]
[WhiteElo "1825"]
[BlackElo "2200"]
[Annotator "Donaldson"]
[PlyCount "65"]
[EventDate "2018.??.??"]
[Source "ChessBase"]
[SourceDate "2007.09.04"]

1. d4 f5 2. c4 Nf6 3. Nf3 e6 4. Nc3 Bb4 5. Bd2 Qe7 6. g3 b6 7. Bg2 Bb7 8. O-O
Bxc3 9. Bxc3 Ne4 10. Rc1 Nxc3 11. Rxc3 O-O 12. Qd2 d6 13. Rfc1 Nd7 14. Ne5 dxe5
15. Bxb7 exd4 16. Qxd4 Rad8 17. Qe3 f4 18. gxf4 Rf6 19. Be4 Rdf8 20. f5 Kh8 21.
Bc2 Qf7 22. fxe6 Rxe6 23. Qf3 Qe7 24. Qh5 Nf6 25. Qh4 Rxe2 26. Rf3 c5 27. Kf1
Re5 28. Rd1 Kg8 29. Bf5 Re8 30. Rd7 Re4 $2 (30... Re1+ 31. Kg2 Qe5 $16) 31.
Rxe7 Rxh4 32. Rxe8+ Kf7 33. Ra8 1-0

[Event "Mechanics' Summer TNM; G/2 d/5"]
[Site "San Francisco"]
[Date "2018.06.17"]
[Round "8.5"]
[White "Wonsever, James"]
[Black "Walder, Michael S"]
[Result "1-0"]
[WhiteElo "1872"]
[BlackElo "2064"]
[PlyCount "59"]
[EventDate "2018.??.??"]
[Source "ChessBase"]
[SourceDate "2007.09.04"]

1. d4 Nf6 2. c4 e6 3. Nf3 c5 4. e3 d5 5. Nc3 Nc6 6. cxd5 Nxd5 7. Bb5 Bd7 8. O-O
Nxc3 9. bxc3 Be7 10. Re1 O-O 11. Qe2 Rc8 12. Bd2 cxd4 13. exd4 Bf6 14. h3 Na5
15. Bd3 Qc7 16. Rab1 a6 17. Ne5 Bxe5 18. dxe5 Bc6 19. Qg4 Kh8 20. Qh4 f5 21.
exf6 gxf6 22. c4 Qd7 23. Bc2 Nxc4 24. Bh6 Ne5 25. Bxf8 Rxf8 26. Be4 b5 27. Qh6
Kg8 28. Bxc6 Qxc6 29. Re3 Qe8 30. Rg3+ 1-0

[Event "Mechanics' Spring TNM; G/2 d5"]
[Site "San Francisco"]
[Date "2018.03.27"]
[Round "2.2"]
[White "Wonsever, James"]
[Black "Winslow, Elliott"]
[Result "0-1"]
[WhiteElo "1825"]
[BlackElo "2323"]
[Annotator "Winslow,Elliott"]
[PlyCount "84"]
[EventDate "2018.??.??"]
[Source "ChessBase"]
[SourceDate "2007.09.04"]

1. d4 Nf6 2. c4 g6 3. Nf3 Bg7 4. Nc3 O-O 5. e4 d6 6. Be2 e5 7. dxe5 dxe5 8.
Qxd8 Rxd8 9. O-O {Rare.} (9. Nxe5 Nxe4 10. Nxe4 Bxe5 11. Bg5 Rf8 $5 (11... Rd4
$5)) (9. Nd5 Nxd5 (9... Na6 $5)) (9. Bg5) 9... c6 (9... Na6 {
even scores better (transposition)}) 10. Be3 (10. Bg5) (10. Nxe5) 10... Nbd7 (
10... Bg4 $5) 11. Rfd1 Re8 12. h3 Bf8 13. a3 (13. Nd2) 13... a5 (13... Nc5 14.
Bxc5 Bxc5 15. Rd3 Nh5 16. Rd2 f6 17. Rad1 Be6 18. Na4 Be7 19. Nc3 Nf4 20. Bf1
Red8 21. Rxd8+ Rxd8 22. Rxd8+ Bxd8 23. Nd2 Kf8 24. Kh2 Bf7 25. c5 Ke7 26. Nc4
Bc7 27. Ne3 Ne6 28. b4 Nd4 29. Nc4 Nc2 30. Nb1 f5 31. f3 b6 32. cxb6 axb6 33.
Bd3 Nd4 34. Kg1 f4 35. Kf1 g5 36. Kf2 Be6 37. Nc3 h5 38. g4 h4 39. Nd2 Nb3 40.
Nxb3 Bxb3 41. Ke2 b5 42. Nb1 Bb6 43. Kd2 Be3+ 44. Ke1 Kd7 45. Nd2 Ba4 46. Be2
Bc2 47. Bd1 Bd3 48. Be2 Bc2 49. Bd1 Bd3 50. Be2 Bxd2+ 51. Kxd2 Bb1 52. Kc3 Ba2
53. Bd3 Kc7 54. Bc2 Bc4 55. Bd3 Be6 56. Be2 Kb6 57. Bd3 {
1/2-1/2 (57) Tsapanidis,V (1770)-Cap, A (2038) Janske Lazne 2013}) 14. Nd2 $146
(14. Bg5 h6 15. Be3 Nc5 16. Nd2 a4 17. f3 Nh5 18. Nf1 Nf4 19. Kf2 Nb3 20. Rab1
Be6 21. Bxf4 exf4 22. Nd2 Nd4 23. Bd3 Bc5 24. Kf1 Red8 25. Rbc1 f6 26. Ne2 g5
27. Nxd4 Bxd4 28. Rc2 Bxb2 29. Rxb2 Rxd3 30. Rxb7 Rad8 31. Rb2 Bxc4 32. Nxc4
Rxd1+ 33. Ke2 Rg1 34. Kf2 Rc1 35. Nd2 c5 36. Ke2 c4 37. Nb1 c3 {
0-1 (37) Kleiman,C (1878)-D'Aloisio,T (2222) San Francisco 2006}) 14... a4 {
White just can't get to this annoying pawn fast enough..} 15. Bd3 Bc5 16. Bg5
Kg7 (16... Nh5) 17. b4 axb3 18. Nxb3 Bd4 19. Nxd4 exd4 20. Ne2 c5 21. f3 (21.
Nf4 h6 $1 (21... Nxe4 22. Nd5 Nxg5 23. Nc7)) 21... Ne5 ({
Why does the computer like *this* move??} 21... Ra7) (21... Ra4 $5 22. Bc2 Ra7)
22. Nf4 Ra4 (22... Be6) (22... Ra7) 23. Bxf6+ $6 (23. Nd5 Nxd5 24. cxd5) 23...
Kxf6 24. Nd5+ Kg7 25. Nb6 Ra6 26. Nd5 Ra5 27. Be2 {(I wrote Be3)} f6 $2 (27...
g5 $5) (27... Be6 28. f4 Nd7 29. Nc7) 28. f4 $2 (28. Rdb1) 28... Nf7 {
(I wrote ...Nf6)} 29. Bd3 Bd7 30. Kf2 Bc6 31. Re1 Rea8 32. Nc7 Rc8 33. Nd5 Bxd5
$2 (33... Re8) 34. exd5 Rca8 35. Re7 Rxa3 36. Rxa3 Rxa3 37. Be2 $4 (37. Ke2 $11
) 37... Kf8 38. Rxb7 $6 (38. Re6 Ra6) 38... Nd6 39. Rxh7 Ne4+ 40. Kg1 d3 41.
Bf3 $2 (41. Bxd3 Rxd3 {is, I was pretty sure, winning}) 41... d2 42. Be2 Re3 {
and Stockfish 9 is breaking out the # sign} 0-1

[Event "Mechanics' Shipman TNM; G/2 d/5"]
[Site "San Francisco"]
[Date "2018.09.25"]
[Round "8.17"]
[White "Xu, Jayden"]
[Black "Frank, Robert H"]
[Result "1-0"]
[WhiteElo "1694"]
[BlackElo "1295"]
[PlyCount "39"]
[EventDate "2018.??.??"]
[Source "ChessBase"]
[SourceDate "2007.09.04"]

1. d4 Nf6 2. c4 e6 3. Nf3 Bb4+ 4. Nbd2 O-O 5. a3 Bxd2+ 6. Bxd2 Ne4 7. Bf4 Nc6
8. Qc2 d5 9. e3 Ne7 10. cxd5 exd5 11. Bxc7 Qe8 12. Bd3 Qc6 13. Qxc6 bxc6 14.
Ne5 f6 15. Nc4 Ba6 16. Bxe4 Bxc4 17. Bc2 a5 18. b3 Ra7 19. Bb6 Rb8 20. Bxa7 1-0

[Event "Mechanics' Shipman TNM; G/2 d/5"]
[Site "San Francisco"]
[Date "2018.09.18"]
[Round "7.22"]
[White "Xu, Jayden"]
[Black "Ross, Max"]
[Result "1-0"]
[WhiteElo "1694"]
[BlackElo "1590"]
[PlyCount "55"]
[EventDate "2018.??.??"]
[Source "ChessBase"]
[SourceDate "2007.09.04"]

1. d4 d5 2. c4 c6 3. Nf3 Nf6 4. Nc3 Bf5 5. Bg5 Nbd7 6. e3 Ne4 7. Bf4 Qa5 8. Qb3
Nxc3 9. bxc3 e6 10. Ne5 Nb6 11. c5 Na4 12. Rc1 Bxc5 13. Qxb7 O-O 14. dxc5 Nxc5
15. Qb4 Qb6 16. Qxb6 axb6 17. Nxc6 Bd3 18. Bd6 Bxf1 19. Kxf1 Rfe8 20. Bxc5 bxc5
21. Ne5 Rxa2 22. g3 Rb8 23. Kg2 Rbb2 24. Nd3 Rd2 25. Rhd1 Re2 26. Rb1 g6 27.
Rf1 c4 28. Nc1 1-0

[Event "Mechanics' Shipman TNM; G/2 d/5"]
[Site "San Francisco"]
[Date "2018.08.21"]
[Round "3.33"]
[White "Xu, Jayden"]
[Black "Thibault, William"]
[Result "1-0"]
[WhiteElo "1694"]
[BlackElo "1294"]
[PlyCount "65"]
[EventDate "2018.??.??"]
[Source "ChessBase"]
[SourceDate "2007.09.04"]

1. d4 d5 2. c4 Nf6 3. cxd5 Nxd5 4. e4 Nf6 5. Nc3 e6 6. Nf3 Nbd7 7. Bg5 Be7 8.
Bd3 c6 9. Qc2 b6 10. O-O Qc7 11. e5 Nd5 12. Bxe7 Nxe7 13. Nb5 Qd8 14. Nd6+ Kf8
15. Nxf7 Kxf7 16. Ng5+ Ke8 17. Nxe6 g6 18. Nxd8 Kxd8 19. Be4 Bb7 20. b4 Kc7 21.
b5 Rac8 22. bxc6 Bxc6 23. Bxc6 Nxc6 24. d5 Ndxe5 25. dxc6 Nxc6 26. Rac1 Kb7 27.
Rfd1 Nb4 28. Qe4+ Nc6 29. Rd6 Rhe8 30. Qd5 Red8 31. Rxd8 Rxd8 32. Qxc6+ Ka6 33.
h3 1-0

[Event "Mechanics' Shipman TNM; G/2 d/5"]
[Site "San Francisco"]
[Date "2018.09.18"]
[Round "7.26"]
[White "Yamamoto, Craig"]
[Black "Azimzadeh, Farhad"]
[Result "0-1"]
[WhiteElo "1500"]
[BlackElo "1591"]
[Annotator "Winslow,Elliott"]
[PlyCount "80"]
[EventDate "2018.??.??"]
[Source "ChessBase"]
[SourceDate "2007.09.04"]

1. e4 e5 2. Nf3 Nc6 3. Bc4 Nf6 4. Ng5 d5 5. exd5 Nxd5 6. Nxf7 Kxf7 7. Qf3+ Ke6
8. Nc3 Ncb4 9. O-O c6 10. d4 Nxc2 11. Qe4 Nxa1 12. Qxe5+ Kf7 13. Nxd5 Be6 14.
Qf4+ Kg8 15. Qe5 Bxd5 {[#]} 16. Bg5 $4 (16. Qe6+ $1 Bxe6 17. Bxe6# $1) 16...
Qd6 17. Qe2 Bxc4 18. Qxc4+ Qd5 19. Qe2 h6 20. Bf4 Qf7 21. Be5 Re8 22. Rxa1 Qd5
23. Qh5 Re6 24. f4 g6 25. Qg4 Rh7 26. f5 Rxe5 27. dxe5 Qxe5 28. Rf1 g5 29. f6
Rf7 30. Qf3 Qxb2 31. Qf5 Qxa2 32. Re1 Qd5 33. Qg6+ Kh8 34. Rf1 a5 35. h4 gxh4
36. Rf5 Qc4 37. Kh1 h3 38. gxh3 a4 39. Rf3 Qc1+ 40. Kh2 Bd6+ {(and ...Qg5+)}
0-1

[Event "Mechanics' Spring TNM; G/2 d5"]
[Site "San Francisco"]
[Date "2018.05.01"]
[Round "7.45"]
[White "Yamamoto, Craig"]
[Black "Badgett Jr, James"]
[Result "1-0"]
[WhiteElo "1508"]
[BlackElo "1228"]
[PlyCount "31"]
[EventDate "2018.??.??"]
[Source "ChessBase"]
[SourceDate "2007.09.04"]

1. e4 c5 2. Nf3 g6 3. c3 d6 4. d4 Nf6 5. Bd3 a6 6. a4 Bg4 7. h3 Bxf3 8. Qxf3
Nc6 9. Be3 Qa5 10. O-O Qb6 11. dxc5 Qxb2 12. Ra3 Ne5 13. Qd1 Nxd3 14. Qxd3 Rd8
15. Bc1 dxc5 16. Qxd8+ 1-0

[Event "Mechanics' Shipman TNM; G/2 d/5"]
[Site "San Francisco"]
[Date "2018.08.14"]
[Round "2"]
[White "Yamamoto, Craig"]
[Black "Donaldson, John"]
[Result "0-1"]
[WhiteElo "1500"]
[BlackElo "2415"]
[Annotator "Donaldson"]
[PlyCount "94"]
[EventDate "2018.??.??"]
[Source "ChessBase"]
[SourceDate "2007.09.04"]

1. e4 e5 2. Nf3 Nc6 3. Bc4 Nf6 4. Ng5 d5 5. exd5 Na5 6. Bb5+ c6 7. dxc6 bxc6 8.
Be2 h6 9. Nf3 e4 10. Ne5 Qd4 11. Ng4 (11. f4 Bc5 12. Rf1 Qd8 {is the main line.
The text is considered a mistake, but White is fine if he continues correctly.}
) 11... Bxg4 12. Bxg4 e3 13. f3 $4 (13. Bf3 exf2+ 14. Kf1 Be7 $11) 13... h5 $2
(13... Nxg4 14. fxg4 O-O-O {leads to an overwhelming attack.}) 14. Bf5 {
Not falling for} (14. Bh3 Qh4+) 14... Qe5 15. Be4 O-O-O 16. Qe2 Nxe4 17. fxe4
Qxe4 18. O-O Qxc2 19. Qa6+ Nb7 20. dxe3 Rd1 21. Nc3 Rxf1+ 22. Kxf1 Qf5+ (22...
Rh6 $1) 23. Ke1 Bb4 24. Qxc6+ Kb8 25. Bd2 Rd8 (25... Qe5) 26. Qe4 Qa5 (26...
Qd7 27. Rd1 Bxc3 28. bxc3 Qd5) 27. a3 Bd6 28. Ne2 Bg3+ 29. hxg3 Qxd2+ 30. Kf1
Nd6 31. Qd4 Qxd4 32. Nxd4 (32. exd4 Nf5 $11) 32... Kb7 33. Rc1 Ne4 34. Nf5 g6
35. Nd4 Nxg3+ 36. Kf2 Ne4+ 37. Kf3 Nf6 38. Rc2 Ng4 39. g3 Rd6 40. Ke2 Rf6 41.
Nf3 Re6 42. Rc3 f6 43. Rd3 a5 44. b3 Rc6 45. Kd2 g5 46. Nd4 Rd6 47. Rc3 Nf2 {
White's flag fell (this game was played at G/60) but at this point his
position is already precarious. With the exception of his 13th move Craig
played very well before he got low on time.} 0-1

[Event "Mechanics' Winter TNM; G/2 d5"]
[Site "San Francisco"]
[Date "2018.01.23"]
[Round "3.49"]
[White "Yamamoto, Craig"]
[Black "Frank, Robert H"]
[Result "1-0"]
[WhiteElo "1520"]
[BlackElo "1282"]
[Annotator "Donaldson"]
[PlyCount "75"]
[EventDate "2018.??.??"]
[Source "ChessBase"]
[SourceDate "2007.09.04"]

1. e4 e5 2. Bc4 Nf6 3. Nc3 c6 4. Nf3 d5 5. exd5 cxd5 6. Bb5+ Bd7 7. Nxe5 Bxb5
8. Nxb5 a6 9. Nd4 Bc5 10. Nb3 Bd6 11. d4 Qe7 12. f4 O-O 13. O-O Re8 14. Qf3
Nbd7 15. c3 b5 16. a3 a5 17. Nd2 b4 18. axb4 axb4 19. Rxa8 Rxa8 20. c4 Bxe5 21.
fxe5 Nxe5 22. dxe5 Qxe5 23. cxd5 Qd4+ 24. Kh1 Rd8 25. Ne4 $2 Kh8 $2 (25... Qxe4
) 26. Nxf6 gxf6 27. Rd1 Qb6 28. Be3 Qd6 29. Bd4 Kg7 30. Qg3+ Qxg3 31. hxg3 Kg6
32. Bc5 b3 33. Be7 Rd7 34. d6 Kf5 35. Rf1+ Kg6 36. Rxf6+ Kg7 37. Rf3 Ra7 38.
Rd3 1-0

[Event "Mechanics' Shipman TNM; G/2 d/5"]
[Site "San Francisco"]
[Date "2018.09.04"]
[Round "5.31"]
[White "Yamamoto, Craig"]
[Black "Rakonitz, David"]
[Result "1-0"]
[WhiteElo "1500"]
[BlackElo "1775"]
[PlyCount "121"]
[EventDate "2018.??.??"]
[Source "ChessBase"]
[SourceDate "2007.09.04"]

1. e4 e6 2. d4 d5 3. e5 c5 4. c3 Nc6 5. Nf3 Qb6 6. a3 a5 7. b3 Bd7 8. Be3 cxd4
9. cxd4 Nge7 10. Bd3 Nf5 11. Bxf5 exf5 12. Nc3 Be6 13. Ng5 Be7 14. Nxe6 fxe6
15. f4 O-O 16. O-O Rac8 17. Ne2 Na7 18. Bc1 Rc7 19. Bb2 Rfc8 20. Rc1 Rxc1 21.
Nxc1 Nb5 22. a4 Nc3 23. Qd3 Ne4 24. Ne2 Bb4 25. Rc1 Rc6 26. Rxc6 bxc6 27. Nc1
Bd2 28. Ne2 Qb4 29. Kf1 Be1 30. Nc1 Qd2 31. Qe2 Qxe2+ 32. Kxe2 Bd2 33. Nd3 Kf7
34. Bc1 Bxc1 35. Nxc1 c5 36. Kd3 Ke7 37. dxc5 Nxc5+ 38. Kd4 Ne4 39. Nd3 Kd7 40.
Nc5+ Nxc5 41. Kxc5 Kc7 42. Kb5 Kb7 43. Kxa5 Kc6 44. Kb4 Kb6 45. Kc3 Ka5 46. h3
h6 47. g4 g6 48. gxf5 gxf5 49. Kd4 Kb4 50. Kd3 Ka5 51. Kc3 Kb6 52. b4 Kc6 53.
Kd4 Kb6 54. b5 Kb7 55. a5 h5 56. h4 Kc7 57. Kc5 Kb7 58. b6 Kc8 59. a6 Kb8 60.
Kc6 d4 61. a7+ 1-0

[Event "Mechanics' Walter Shipman TNM G/2 d/5"]
[Site "San Francisco"]
[Date "2018.10.02"]
[Round "9.23"]
[White "Yamamoto, Craig"]
[Black "Sherwood, Peter"]
[Result "1/2-1/2"]
[WhiteElo "1500"]
[BlackElo "1639"]
[PlyCount "40"]
[EventDate "2018.??.??"]
[Source "ChessBase"]
[SourceDate "2007.09.04"]

1. e4 c5 2. Nf3 d6 3. d4 cxd4 4. Nxd4 Nf6 5. Nc3 a6 6. Be2 e6 7. O-O Be7 8. Be3
O-O 9. f4 Nc6 10. Qd2 Qc7 11. a4 b6 12. Nxc6 Qxc6 13. Bf3 Bb7 14. e5 Nd5 15.
exd6 Qxd6 16. Nxd5 Bxd5 17. Bxd5 exd5 18. Bd4 Rfd8 19. c3 Bf6 20. Bxf6 Qxf6
1/2-1/2

[Event "Mechanics' Winter TNM; G/2 d5"]
[Site "San Francisco"]
[Date "2018.01.09"]
[Round "1.8"]
[White "Yamamoto, Craig"]
[Black "Tsodikova, Natalya"]
[Result "0-1"]
[WhiteElo "1520"]
[BlackElo "2191"]
[PlyCount "32"]
[EventDate "2018.??.??"]
[Source "ChessBase"]
[SourceDate "2007.09.04"]

1. e4 e5 2. Nf3 Nc6 3. Bb5 Nge7 4. d4 exd4 5. Nxd4 g6 6. c3 Bg7 7. O-O O-O 8.
f3 Nxd4 9. cxd4 c6 10. Ba4 Qb6 11. e5 Bxe5 12. Re1 Bxd4+ 13. Kh1 Nf5 14. Bb3
Qc5 15. Nd2 {Diagram [#]} Ng3+ 16. hxg3 Qh5# 0-1

[Event "Mechanics' Winter TNM; G/2 d5"]
[Site "San Francisco"]
[Date "2018.01.30"]
[Round "4.29"]
[White "Yamamoto, Craig"]
[Black "Yan, David"]
[Result "1-0"]
[WhiteElo "1520"]
[BlackElo "1548"]
[PlyCount "41"]
[EventDate "2018.??.??"]
[Source "ChessBase"]
[SourceDate "2007.09.04"]

1. e4 c6 2. d4 d5 3. Nc3 dxe4 4. Nxe4 Bf5 5. Ng3 Bg6 6. Nf3 e6 7. Ne5 Bd6 8.
Nxg6 fxg6 9. Ne4 Nf6 10. Nxd6+ Qxd6 11. Bd3 Qxd4 $4 12. Bxg6+ hxg6 13. Qxd4 O-O
14. O-O Nbd7 15. Bg5 c5 16. Qe3 Rae8 17. Rfe1 Nd5 18. Qb3 Rf5 19. Bh4 N7b6 20.
Qb5 Nc7 21. Qa5 1-0

[Event "Mechanics' Winter TNM; G/2 d5"]
[Site "San Francisco"]
[Date "2018.01.09"]
[Round "1.4"]
[White "Yan, David"]
[Black "Chambers, Ezra Pau"]
[Result "0-1"]
[WhiteElo "1548"]
[BlackElo "2258"]
[Annotator "Donaldson"]
[PlyCount "88"]
[EventDate "2018.??.??"]
[Source "ChessBase"]
[SourceDate "2007.09.04"]

1. c4 c5 2. Nc3 Nc6 3. g3 e5 4. Bg2 g6 5. e3 Bg7 6. Nge2 Nge7 7. O-O O-O 8. a3
d6 9. d3 Be6 10. Rb1 a5 (10... d5) 11. Nb5 f5 (11... d5) 12. Nec3 g5 13. Bd2
Rc8 14. b3 (14. Nd5) 14... Kh8 15. Nd5 f4 16. Be4 $1 Bf5 17. Bxf5 Nxf5 18. g4 (
18. Qg4) 18... Nh4 19. f3 Rf7 (19... fxe3) 20. e4 h5 21. h3 Bf8 22. Bc3 Rh7 23.
Kf2 Rh6 24. Ra1 Ng6 25. Rh1 Bg7 26. Rb1 Nf8 27. Ra1 Ne6 28. Rb1 Kg8 29. Qe1
Ned4 30. Nxd4 exd4 31. Bd2 Ra8 32. Ra1 Kf7 33. Kg2 Rb8 34. Kf2 b5 35. Rb1 hxg4
36. hxg4 Ne5 37. Ke2 Qh8 38. Rxh6 Qxh6 39. Qh1 bxc4 40. bxc4 Rxb1 41. Qxb1 Qh2+
42. Kd1 Nxf3 43. Bxa5 Qg1+ 44. Kc2 Qxg4 {
Black later won. Remaining moves unavailable.} 0-1

[Event "Mechanics' Winter TNM; G/2 d5"]
[Site "San Francisco"]
[Date "2018.02.06"]
[Round "5.21"]
[White "Yan, David"]
[Black "Hope, Frederick"]
[Result "0-1"]
[WhiteElo "1548"]
[BlackElo "1536"]
[PlyCount "102"]
[EventDate "2018.??.??"]
[Source "ChessBase"]
[SourceDate "2007.09.04"]

1. c4 Nf6 2. Nc3 g6 3. g3 Bg7 4. Bg2 O-O 5. Nf3 d6 6. O-O Nbd7 7. d4 e5 8. Bg5
h6 9. Bxf6 Bxf6 10. dxe5 Nxe5 11. Nxe5 Bxe5 12. Qd2 Kh7 13. Nd5 c6 14. Nc3 Be6
15. b3 f5 16. Rad1 Qf6 17. Rc1 Qg7 18. e3 Rad8 19. Rfd1 Rfe8 20. Ne2 Bf7 21.
Qa5 Bg8 22. Nd4 a6 23. Qa3 Qf8 24. Rc2 g5 25. Rcd2 f4 26. exf4 gxf4 27. Qc1
fxg3 28. hxg3 Qf6 29. Ne2 Qe7 30. Re1 Qg7 31. Qd1 Re7 32. f4 Bf6 33. Rxd6 Rde8
34. Rd3 Be6 35. Nd4 Bg4 36. Rxe7 Rxe7 37. Qd2 c5 38. Nf3 b5 39. cxb5 axb5 40.
Rd5 Bxf3 41. Qd3+ Kg8 42. Rd8+ Kf7 43. Qxf3 Re1+ 44. Kh2 $2 (44. Kf2) 44...
Bxd8 45. Qd5+ Ke8 46. Qh5+ Qf7 47. Bc6+ Kf8 48. Qxh6+ Kg8 49. Qd6 Qh5+ 50. Kg2
Qh1+ 51. Kf2 Qf1# 0-1

[Event "Mechanics' Winter TNM; G/2 d5"]
[Site "San Francisco"]
[Date "2018.02.20"]
[Round "7.38"]
[White "Yan, David"]
[Black "Robertson, Terrance"]
[Result "1-0"]
[WhiteElo "1548"]
[BlackElo "1483"]
[PlyCount "107"]
[EventDate "2018.??.??"]
[Source "ChessBase"]
[SourceDate "2007.09.04"]

1. c4 e6 2. Nf3 d5 3. cxd5 exd5 4. d4 c6 5. Nc3 Bd6 6. g3 Nf6 7. Bg5 Nbd7 8.
Bg2 O-O 9. O-O h6 10. Bd2 Re8 11. Re1 Nb6 12. b3 Bf5 13. Qc1 Bb4 14. Ne5 Nbd7
15. f4 Ne4 16. Nxe4 Bxd2 17. Nxd2 f6 18. Nxd7 Qxd7 19. Qc3 Rac8 20. b4 Bg4 21.
Nf3 Re7 22. Rac1 Rce8 23. e3 g5 24. Kf2 h5 25. fxg5 fxg5 26. Ne5 Qf5+ 27. Kg1
h4 28. Qc2 hxg3 29. Qxf5 gxh2+ 30. Kxh2 Bxf5 31. Kg3 Kg7 32. Rh1 Rxe5 33. dxe5
Rxe5 34. Kf2 Bd3 35. Rh3 g4 36. Rg3 Rf5+ 37. Bf3 Rxf3+ 38. Rxf3 gxf3 39. Kxf3
Kf6 40. Kf4 Bc4 41. a3 Bb5 42. Rh1 Bd3 43. Rh6+ Bg6 44. Rh8 b6 45. Ra8 c5 46.
bxc5 bxc5 47. Rxa7 Bf7 48. Rc7 c4 49. a4 Ke6 50. a5 Be8 51. a6 Kd6 52. a7 Bc6
53. Rxc6+ Kxc6 54. a8=Q+ 1-0

[Event "Mechanics' Winter TNM; G/2 d5"]
[Site "San Francisco"]
[Date "2018.01.23"]
[Round "3.44"]
[White "Yan, David"]
[Black "Rushton, Peter"]
[Result "1-0"]
[WhiteElo "1548"]
[BlackElo "1142"]
[PlyCount "47"]
[EventDate "2018.??.??"]
[Source "ChessBase"]
[SourceDate "2007.09.04"]

1. c4 e5 2. Nc3 Nf6 3. g3 Nc6 4. Bg2 Bc5 5. e3 d6 6. Nge2 O-O 7. O-O Bf5 8. d4
exd4 9. exd4 Bb6 10. Bg5 Qe8 11. Bxf6 gxf6 12. Re1 Qd7 13. Nd5 Qd8 14. Nef4 Kh8
15. Nh5 Nxd4 16. Nxb6 c5 17. Nxa8 Nc2 18. Bxb7 Nxe1 19. Qxe1 Re8 20. Qc3 Re5
21. Nxf6 Bg6 22. f4 Qb8 23. Bd5 Rxd5 24. Nd7+ 1-0

[Event "Mechanics' Spring TNM; G/2 d5"]
[Site "San Francisco"]
[Date "2018.03.27"]
[Round "2.29"]
[White "Yanofsky, Kevin"]
[Black "Admassu, Yonathan"]
[Result "1-0"]
[WhiteElo "1840"]
[BlackElo "1378"]
[PlyCount "81"]
[EventDate "2018.??.??"]
[Source "ChessBase"]
[SourceDate "2007.09.04"]

1. d4 Nf6 2. c4 g6 3. Nc3 Bg7 4. e4 d6 5. Nf3 O-O 6. Be2 h6 7. O-O a5 8. h3 Nc6
9. Be3 e5 10. d5 Ne7 11. a3 Ne8 12. Ne1 f5 13. f3 f4 14. Bf2 g5 15. c5 Ng6 16.
Rc1 Rf7 17. Nb5 Bf8 18. Qc2 h5 19. Nd3 Bxh3 20. gxh3 g4 21. fxg4 f3 22. Bd1
hxg4 23. Bg3 Nf6 24. hxg4 Nxe4 25. Nxe5 Nxg3 26. Nxf7 Qh4 27. Qxg6+ Bg7 28.
Nh6+ Kh8 29. Rxf3 Bxh6 30. Qf6+ Qxf6 31. Rxf6 Bxc1 32. Nxc7 Ne4 33. Rf7 Rc8 34.
c6 bxc6 35. dxc6 Bxb2 36. Re7 Bxa3 37. Nd5 Bc5+ 38. Kg2 Rf8 39. Rxe4 Rf2+ 40.
Kg3 Rd2 41. c7 1-0

[Event "Mechanics' Vartan Bedjanian TNM; G/2 d/"]
[Site "San Francisco"]
[Date "2018.11.07"]
[Round "3.34"]
[White "Yanofsky, Kevin"]
[Black "Azimzadeh, Farhad"]
[Result "1-0"]
[WhiteElo "1906"]
[BlackElo "1631"]
[PlyCount "31"]
[EventDate "2018.??.??"]
[Source "ChessBase"]
[SourceDate "2007.09.04"]

1. d4 d6 2. c4 e6 3. Nc3 g6 4. e4 Bg7 5. Nf3 b6 6. Bg5 Ne7 7. Be2 Bb7 8. Qd2
O-O 9. Bh6 Nbc6 10. h4 f5 11. Bxg7 Kxg7 12. h5 Rh8 13. O-O-O fxe4 14. h6+ Kf7
15. Ng5+ Kf6 16. Ncxe4+ 1-0